Fictions d’isolement enfantin : Anthologie d’une expérience de pensée (notice n° 1638641)
[ vue normale ]
| 000 -LEADER | |
|---|---|
| fixed length control field | 00901cam a2200133 4500500 |
| 005 - DATE AND TIME OF LATEST TRANSACTION | |
| control field | 20260118050731.0 |
| 041 ## - LANGUAGE CODE | |
| Language code of text/sound track or separate title | fre |
| 042 ## - AUTHENTICATION CODE | |
| Authentication code | dc |
| 100 10 - MAIN ENTRY--PERSONAL NAME | |
| Personal name | Durand, Béatrice |
| Relator term | author |
| 245 00 - TITLE STATEMENT | |
| Title | Fictions d’isolement enfantin : Anthologie d’une expérience de pensée |
| 260 ## - PUBLICATION, DISTRIBUTION, ETC. | |
| Name of publisher, distributor, etc. | Hermann,<br/> |
| Date of publication, distribution, etc. | 2017.<br/> |
| 520 ## - SUMMARY, ETC. | |
| Summary, etc. | Spéculer sur le destin d’êtres humains qui se développeraient en dehors de toute influence sociale est une expérience de pensée maintes fois réalisée depuis l’Antiquité. Fruits de l’imagination philosophique, les produits de l’expérience sont littéralement des êtres de papier. Leur destin est une étrange fiction qui a permis à ses auteurs d’approfondir leur réflexion sur ce que l’on appelle aujourd’hui l’inné et l’acquis. |
| 856 41 - ELECTRONIC LOCATION AND ACCESS | |
| Uniform Resource Identifier | <a href="https://shs.cairn.info/fictions-disolement-enfantin--9782705695125?lang=fr&redirect-ssocas=7080">https://shs.cairn.info/fictions-disolement-enfantin--9782705695125?lang=fr&redirect-ssocas=7080</a> |
Pas d'exemplaire disponible.




Réseaux sociaux